Statistics for Manchester City Squad 2015-2016

Click here to take the quiz!

General Stats

  • This quiz has been taken 12 times
  • The average score is 19 of 26

Answer Stats

#PositionNationPlayer% Correct
1GKEnglandJoe Hart
100%
21MFSpainDavid Silva
91%
7FWEnglandRaheem Sterling
91%
10FWArgentinaSergio Agüero
91%
4DFBelgiumVincent Kompany
91%
11DFSerbiaAleksandar Kolarov
82%
3DFFranceBacary Sagna
82%
20DFFranceEliaquim Mangala
82%
25MFBrazilFernandinho
82%
22DFFranceGaël Clichy
82%
17MFBelgiumKevin De Bruyne
82%
-CoachChileManuel Pellegrini
82%
30DFArgentinaNicolás Otamendi
82%
5DFArgentinaPablo Zabaleta
82%
8FWFranceSamir Nasri
82%
13GKArgentinaWilly Caballero
82%
42MFIvory CoastYaya Touré
82%
6MFBrazilFernando
73%
72FWNigeriaKelechi Iheanacho
73%
26DFArgentinaMartín Demichelis
73%
14FWIvory CoastWilfried Bony
64%
18MFEnglandFabian Delph
55%
15FWSpainJesús Navas
55%
27FWEnglandPatrick Roberts
27%
47MFAustraliaLuke Brattan
9%
29GKEnglandRichard Wright
9%

Score Distribution

Percentile by Number Answered

Percent of People with Each Score

Your Score History

You have not taken this quiz